Corporate finance

Gorde:
Xehetasun bibliografikoak
Egile Nagusiak: Ross, Stephen A (Egilea), Westerfield, Randolph W (Egilea), Jaffe, Jeffrey (Egilea)
Formatua: Liburua
Hizkuntza:ingelesa
Argitaratua: Nueva York McGraw-Hill 2005
Edizioa:7a. ed
Saila:The McGraw-Hill-Irwin Series in Finance, Insurance, and Real Estate
Gaiak:
Etiketak: Etiketa erantsi
Etiketarik gabe, Izan zaitez lehena erregistro honi etiketa jartzen!

MARC

LEADER 00000nam a2200000 a 4500
001 UCJ8926
003 CL-VaPUC
008 070126e20050000US |||||||||||||||||eng|d
020 |a 0072829206 
082 0 4 |a 658.151  |b ROS  |2 21 
100 0 |a Ross, Stephen A  |e author  |9 518729 
700 0 |a Westerfield, Randolph W  |e author  |9 518730 
700 0 |a Jaffe, Jeffrey  |e author  |9 518731 
245 1 0 |a Corporate finance 
250 |a 7a. ed 
300 |a 942 p 
942 |c BK 
945 |d 20070126 00:00:00  |a cmena 
260 |a Nueva York  |b McGraw-Hill  |c 2005 
650 0 |a Administración financiera  |9 261146 
650 0 |a Finanzas  |9 260832 
650 7 |a ESTADOS FINANCIEROS  |2 CL-VaPUC  |9 518732 
650 0 |a Planificación estratégica   |9 259735 
650 0 |a Toma de decisiones   |9 257530 
583 |a last modification  |c 20160929 09:16:33  |k Rodrigo Vera 
490 0 |a The McGraw-Hill-Irwin Series in Finance, Insurance, and Real Estate 
999 |c 324570  |d 324568 
952 |0 0  |1 0  |2 ddc  |4 0  |6 658_151000000000000_ROS_2005  |7 0  |8 A  |9 404835  |a BIBING  |b BIBING  |c RES  |d 2019-11-22  |i 4313461  |o 658.151 ROS 2005  |p 4313461  |r 2025-01-20  |w 2019-11-22  |y BK  |k EII